| 000 | 00477nam a22001817a 4500 | ||
|---|---|---|---|
| 003 | OSt | ||
| 005 | 20151029152252.0 | ||
| 008 | 130627t xxu||||| |||| 00| 0 eng d | ||
| 020 | _a9780460878951 | ||
| 050 |
_aPS 1541 _b.M478 1997 |
||
| 082 |
_aIB 821.008 _bD56 2004 |
||
| 245 |
_aEmily dickinson _cselected and edited by Helen McNeil. |
||
| 260 |
_aLondon : _bJ.M. Dent, _cc1997. |
||
| 300 |
_aix, 98 p. ; _c20 cm. |
||
| 562 | _e1 | ||
| 942 |
_2lcc _cBK |
||
| 999 |
_c3261 _d3261 |
||